000 00664nam a22002177a 4500
003 DO-SdBNP
005 20210917114305.0
007 ta
008 210917e2015 dr ac||gr|||| 00| 0dspa d
020 _a9789945141221
040 _aDO-SdBNP
_bspa
_cBNPHU
082 4 _222
_bH557m
100 1 _aHernández Caamaño, Ida
_d1949
_929226
245 1 0 _aLa mirada /
_cIda Hernández Caamaño.
260 _aSanto Domingo :
_bCorripio,
_c2015.
300 _a81 p.:
_bil., fotogr., retr.;
_c28 cm
500 _aIncluye biografía de la autora en las solapas.
500 _aIncluye referencias bibliográficas, p. 83
590 _aInventariado 2021 / MF
942 _2ddc
_cLBS1
999 _c50559
_d50559